<?xml version="1.0" encoding="UTF-8"?>
<record
    xmlns:xsi="http://www.w3.org/2001/XMLSchema-instance"
    xsi:schemaLocation="http://www.loc.gov/MARC21/slim http://www.loc.gov/standards/marcxml/schema/MARC21slim.xsd"
    xmlns="http://www.loc.gov/MARC21/slim">

  <leader>00791nam a22002417i 4500</leader>
  <controlfield tag="003">OSt</controlfield>
  <controlfield tag="005">20250819082237.0</controlfield>
  <controlfield tag="008">250814s2018    sp ||||| |||| 00| 0bspa d</controlfield>
  <datafield tag="020" ind1=" " ind2=" ">
    <subfield code="a">978-84-16291-65-6</subfield>
  </datafield>
  <datafield tag="040" ind1=" " ind2=" ">
    <subfield code="c">Biblioteca de ejemplo</subfield>
  </datafield>
  <datafield tag="100" ind1="1" ind2=" ">
    <subfield code="a">Desbordes, Mich&#xE8;le</subfield>
    <subfield code="d">1940-2006</subfield>
    <subfield code="e">Autora</subfield>
    <subfield code="9">20</subfield>
  </datafield>
  <datafield tag="240" ind1="1" ind2="3">
    <subfield code="a">La robe bleue</subfield>
    <subfield code="l">espa&#xF1;ol</subfield>
  </datafield>
  <datafield tag="245" ind1="1" ind2="3">
    <subfield code="a">El vestido azul</subfield>
    <subfield code="b">: </subfield>
    <subfield code="c">/ Mich&#xE8;le Desbordes ; traducci&#xF3;n de David M. Cop&#xE9; </subfield>
  </datafield>
  <datafield tag="250" ind1=" " ind2=" ">
    <subfield code="a">1&#xAA; ed.</subfield>
  </datafield>
  <datafield tag="260" ind1=" " ind2=" ">
    <subfield code="a">C&#xE1;ceres</subfield>
    <subfield code="b">Perif&#xE9;rica</subfield>
    <subfield code="c">2018</subfield>
  </datafield>
  <datafield tag="300" ind1=" " ind2=" ">
    <subfield code="a">146 p.</subfield>
    <subfield code="c">21 cm</subfield>
  </datafield>
  <datafield tag="490" ind1="0" ind2=" ">
    <subfield code="a">Largo recorrido</subfield>
    <subfield code="v">126</subfield>
  </datafield>
  <datafield tag="500" ind1=" " ind2=" ">
    <subfield code="a">Colaboraci&#xF3;n de Elena Garc&#xED;a Ca&#xF1;ibano</subfield>
  </datafield>
  <datafield tag="600" ind1="1" ind2="0">
    <subfield code="a">Claudel, Camille </subfield>
    <subfield code="d">1864-1943</subfield>
    <subfield code="9">21</subfield>
  </datafield>
  <datafield tag="700" ind1="1" ind2=" ">
    <subfield code="a">Cop&#xE9;, David M.</subfield>
    <subfield code="9">22</subfield>
    <subfield code="e">traductor</subfield>
  </datafield>
  <datafield tag="700" ind1=" " ind2=" ">
    <subfield code="a">Garc&#xED;a Ca&#xF1;ibano, Elena</subfield>
    <subfield code="d">(1977-)</subfield>
    <subfield code="e">colaboradora</subfield>
    <subfield code="9">8</subfield>
  </datafield>
  <datafield tag="942" ind1=" " ind2=" ">
    <subfield code="2">ddc</subfield>
    <subfield code="c">MO</subfield>
    <subfield code="n">0</subfield>
  </datafield>
  <datafield tag="999" ind1=" " ind2=" ">
    <subfield code="c">10</subfield>
    <subfield code="d">10</subfield>
  </datafield>
  <datafield tag="952" ind1=" " ind2=" ">
    <subfield code="0">0</subfield>
    <subfield code="1">0</subfield>
    <subfield code="2">ddc</subfield>
    <subfield code="4">0</subfield>
    <subfield code="7">0</subfield>
    <subfield code="8">NFIC</subfield>
    <subfield code="a">CPL</subfield>
    <subfield code="b">CPL</subfield>
    <subfield code="d">2025-08-14</subfield>
    <subfield code="l">4</subfield>
    <subfield code="o">929 Claudel, Camille</subfield>
    <subfield code="p">12345</subfield>
    <subfield code="q">2025-08-19</subfield>
    <subfield code="r">2025-08-19 08:43:32</subfield>
    <subfield code="s">2025-08-19</subfield>
    <subfield code="w">2025-08-14</subfield>
    <subfield code="y">MO</subfield>
  </datafield>
</record>
